Central Library OPAC University of Rajshahi

Smaller families through social and economic progress / (Record no. 58803)

MARC details
000 -LEADER
fixed length control field 00823cam a2200253 a 4500
001 - CONTROL NUMBER
control field 58803
003 - CONTROL NUMBER IDENTIFIER
rucl marc code BD-RJUL
005 - DATE AND TIME OF LATEST TRANSACTION
control field 20211209080647.0
008 - FIXED-LENGTH DATA ELEMENTS--GENERAL INFORMATION
fixed length control field 161219s1973 dcua bs 00000 eng
035 ## - SYSTEM CONTROL NUMBER
System control number BD-RjUL58927
040 ## - CATALOGING SOURCE
Original cataloging agency BD-RjUL
Language of cataloging eng
Transcribing agency BD-RjUL
041 ## - LANGUAGE CODE
Language code of text/sound track or separate title eng
082 ## - DEWEY DECIMAL CLASSIFICATION NUMBER
Classification number 304.63
Edition number 23
Author mark and year RIS 1973
100 10 - MAIN ENTRY--PERSONAL NAME
Personal name Rich, William,
Dates associated with a name 1948-
9 (RLIN) 174813
245 10 - TITLE STATEMENT
Title Smaller families through social and economic progress /
Statement of responsibility, etc. William Rich.
260 0# - PUBLICATION, DISTRIBUTION, ETC. (IMPRINT)
Place of publication, distribution, etc. [Washington, D.C.] :
Name of publisher, distributor, etc. Overseas Development Council,
Date of publication, distribution, etc. 1973.
300 ## - PHYSICAL DESCRIPTION
Pagination 73 p. :
Illustrations ill. ;
Size 28 cm.
490 1# - SERIES STATEMENT
Series statement Overseas Development Council monograph ;
Volume/sequential designation no. 7
504 ## - BIBLIOGRAPHY, ETC. NOTE
Bibliography, etc Bibliography: p. 63-66.
650 #0 - SUBJECT ADDED ENTRY--TOPICAL TERM
Topical term or geographic name as entry element Birth control.
9 (RLIN) 171032
830 #0 - SERIES ADDED ENTRY--UNIFORM TITLE
Uniform title Monograph (Overseas Development Council) ;
Volume number/sequential designation no. 7.
942 ## - ADDED ENTRY ELEMENTS (KOHA)
Source of classification or shelving scheme Dewey Decimal Classification
Koha item type Books
Holdings
Lost status Source of classification or shelving scheme Damaged status Not for loan Collection code Permanent Location Current Location Shelving location Date acquired Source of acquisition Total Checkouts Full call number Date last seen Copy number Koha item type
  Dewey Decimal Classification   Not For Loan Non-fiction Central Library, University of Rajshahi Central Library, University of Rajshahi Reading Room 13/01/2009 RUCL   304.63 RIS 1973 19/12/2016 C-1 Books